| 000 | 02078nam2a22002771 4500 | ||
|---|---|---|---|
| 001 | RU\NLR\INFOCOMM_29\5000104646 | ||
| 005 | 20250617145200.0 | ||
| 035 | _a(NLR Aleph) 002726737 | ||
| 090 |
_a1924060 _c1924060 |
||
| 100 | _a20050203d1976 |||y0rusy50 ca | ||
| 101 | 0 | _arus | |
| 102 | _aRU | ||
| 105 | _ay ||||000|y | ||
| 200 | 1 |
_aПлазменно-дуговое напыление порошковых материалов на детали электровакуумных приборов _fВ.М. Скрылева |
|
| 210 |
_d1976 _aБ. м. |
||
| 225 | 1 |
_a... _vВып.155 _i... _v1976, Вып.2 |
|
| 461 | 0 |
_1001RU\NLR\INFOCOMM29\5000103559 _12001#$aТематические указатели литературы$fМ-во электронной пром-сти СССР. Ин-т "Электроника"$vВып.155 _91907610 _a"Электроника", институт (Москва) _cМ. _d1962-1983 _fМ-во электронной пром-сти СССР. Ин-т "Электроника" _tТематические указатели литературы _vВып.155 |
|
| 462 | 0 |
_1001RU\NLR\INFOCOMM29\5000104283 _12001#$aТематические указатели литературы ...$iСерия: Технология, организация производства и оборудование$fМ-во электронной пром-сти СССР. ЦНИИ "Электроника"$v1976, Вып.2 _91923274 _a"Электроника", институт (Москва) _cМ. _d1970-1983 _fМ-во электронной пром-сти СССР. ЦНИИ "Электроника" _iСерия: Технология, организация производства и оборудование _tТематические указатели литературы. - Тематические указатели литературы ... _v1976, Вып.2 |
|
| 700 | 1 |
_aСкрылева _bВ.М. _4070 |
|
| 801 | 1 |
_aRU _bInfoComm _c20050203 |
|
| 801 | 0 |
_aRU _bNLR _gPSBO |
|
| 852 |
_aNLR _bС _jП-1/303 |
||
| 942 | _cISSUE | ||
| 980 | _aNB | ||
| 980 | _aRUSPER | ||